00568nam a2200205 a 4500001001300000003000900013005001700022008004100039020002400080082001600104100001700120245004400137260005000181300000900231500003500240505001000275650002900285650003100314700001700345nice12345678IN_TiNIC20260116013059.0050524s1998 cama grp 000 0 eng  a0521561 c276000a297.82bLIT aLitvak, Meir aShii Scholars of Ninteenth Century Iraq aCambridge bCambridge University Press c1998 a255p aincludes index and biblioraphy2 aIndex aShiah-Iraq-Najaf-History aShiah-Iraq-Karbala-History1 aLitvak, Meir